|
|
|
|
| LEADER |
00000nab a2200000 a 4500 |
| 001 |
vtls011572693 |
| 003 |
SK-MaSNL |
| 005 |
20260304022338.0 |
| 008 |
160811|20160719xo z||p 000 0 slo |
| 038 |
|
|
|a KEVKJB
|
| 040 |
|
|
|a KEVKJB
|b slo
|c KEVKJB
|e AACR2
|
| 041 |
0 |
|
|a slo
|
| 044 |
|
|
|a xo
|c SK
|
| 080 |
|
|
|a 669.1
|2 2011
|
| 100 |
1 |
|
|a Rokytka, Roman
|4 aut
|9 270668
|
| 245 |
1 |
0 |
|a Inšpektorát práce. U. S. Steel pochybil, ale hromadne neprepúšťa
|b podľa odborov inšpektori nezohľadnili, že podnik využíva dieru v zákone
|c Roman Rokytka
|
| 300 |
|
|
|b Fotogr.
|
| 610 |
2 |
7 |
|a U.S. Steel (Košice, Slovensko)
|x prepúšťanie
|2 kevkjb
|9 1090437
|
| 650 |
0 |
7 |
|a prepúšťanie zamestnancov
|2 kevkjb
|9 29116
|
| 651 |
|
7 |
|a Košice (Slovensko)
|2 kevkjb
|9 18694
|
| 773 |
0 |
|
|t košice:dnes
|g Roč. 3, č. 138 (19.7.2016), s. 4
|x 1339-7605
|
| 852 |
|
|
|a KEVKJB
|b KIS3GCP
|
| 856 |
4 |
1 |
|u http://www.kosicednes.sk/inspektorat-prace-steel-pochybil-hromadne-neprepusta/
|
| 999 |
|
|
|c 2610913
|d 2612843
|